000 00434nam a2200181 4500
003 SEACOMMC
005 20231009055954.0
008 231009b |||||||| |||| 00| 0 eng d
022 _c200.00
040 _aSEACOMMC
082 _a363.73946
_bWAT
100 _aVarshney,C K
245 _aWater Pollution and Management
260 _aNew Delhi
_bNew Age
_c2002
650 _aEnvironment Science
700 _aC.K Varshney
942 _cBOOK
999 _c21
_d21